Dirigir reuniones efectivas : (Registro nro. 6468)

Detalles MARC
000 -LEADER
fixed length control field 01955nam a22003257a 4500
003 - CONTROL NUMBER IDENTIFIER
control field OSt
005 - DATE AND TIME OF LATEST TRANSACTION
control field 20200212170937.0
008 - FIXED-LENGTH DATA ELEMENTS--GENERAL INFORMATION
fixed length control field 200210s2009 cl o|||fr|||| 00| 0 spa d
020 ## - INTERNATIONAL STANDARD BOOK NUMBER
International Standard Book Number 9789568827014
040 ## - CATALOGING SOURCE
Original cataloging agency CO-JMCR
Transcribing agency CO-JMCR
041 1# - LANGUAGE CODE
Language code of text/sound track or separate title spa
Language code of original eng
082 ## - DEWEY DECIMAL CLASSIFICATION NUMBER
Classification number 658.456 /
Item number M86d
Edition number 20
100 1# - MAIN ENTRY--PERSONAL NAME
Personal name Morgan, Nick,
Relator term autor
9 (RLIN) 327
245 10 - TITLE STATEMENT
Title Dirigir reuniones efectivas :
Remainder of title soluciones prácticas para los desafíos del día a día /
Statement of responsibility, etc. Nick Morgan
250 ## - EDITION STATEMENT
Edition statement 1a. edición
260 ## - PUBLICATION, DISTRIBUTION, ETC.
Place of publication, distribution, etc. Santiago de Chile :
Name of publisher, distributor, etc. Harvard Business Press,
Date of publication, distribution, etc. 2009
300 ## - PHYSICAL DESCRIPTION
Extent x, 101 páginas :
Other physical details fotografías a blanco y negro ;
Dimensions 18 cm.
490 0# - SERIES STATEMENT
Series statement Serie Pocket Mentor
500 ## - GENERAL NOTE
General note Incluye datos biográficos del autor en tapa posterior.
500 ## - GENERAL NOTE
General note "Fije la agenda, energice a las personas, maneje conflictos, termine a tiempo"--Tapa
500 ## - GENERAL NOTE
General note Título original:Running meetings
504 ## - BIBLIOGRAPHY, ETC. NOTE
Bibliography, etc. note Bibliografía: página 101
505 0# - FORMATTED CONTENTS NOTE
Formatted contents note Todo sobre las reuniones -- Iniciándose -- Cómo prepararse para una reunión -- Cómo se toman las decisiones en los grupos -- Cómo dirigir una reunión -- Lo que puede salir mal en una buena reunión -- Por qué importa el final de una reunión -- Cómo hacer seguimiento después de una reunión -- Reuniones virtuales -- Consejos y herramientas -- Herramientas para dirigir reuniones efectivas
520 ## - SUMMARY, ETC.
Summary, etc. Las reuniones son inevitables, pero no tienen por qué ser improductivas. Esta guía práctica le ayuda a transformar a las reuniones de ser tiempo perdido a ser un trampolín para la acción eficaz. En estas páginas, encontrará diversas estrategias que le permitirán: prepararse eficazmente para las reuniones, mantener las reuniones encaminadas, asegurar que se implementen las decisiones.
546 ## - LANGUAGE NOTE
Language note Traducido del inglés
650 14 - SUBJECT ADDED ENTRY--TOPICAL TERM
Topical term or geographic name entry element Comunicación en administración
9 (RLIN) 336
650 14 - SUBJECT ADDED ENTRY--TOPICAL TERM
Topical term or geographic name entry element Reuniones
General subdivision organización
9 (RLIN) 337
650 14 - SUBJECT ADDED ENTRY--TOPICAL TERM
Topical term or geographic name entry element Comunicación organizacional
9 (RLIN) 338
942 ## - ADDED ENTRY ELEMENTS (KOHA)
Source of classification or shelving scheme Dewey Decimal Classification
Koha item type Books
Existencias
Withdrawn status Lost status Source of classification or shelving scheme Damaged status Not for loan Collection code Home library Current library Shelving location Date acquired Source of acquisition Cost, normal purchase price Total Checkouts Full call number Barcode Date last seen Date last checked out Copy number Price effective from Koha item type
    Dewey Decimal Classification     Non-fiction Biblioteca Pública José María del Castillo y Rada Biblioteca Pública José María del Castillo y Rada Processing Center 12/26/2019 Donación 0.00 1 658.456 / M86d 201809781 05/16/2024 08/02/2022 Ej.1 02/10/2020 Books